Komunikace csr aktivit: csr reporting

Aspekty, ktoré ovplyvňujú CSR reporting z bližšieho pohľadu. Definícia a výhody a nevýhody CSR reportingu. Analýza na základe publikácií z výskumnej činnosti a štúdií k danej problematike. Výsledky analýzy reflektujú nielen vývoj, súčasný stav, ale aj budúce trendy CSR reportingu.

Salvato in:
Dettagli Bibliografici
Autore principale: Kutlák, Jiří
Altri autori: Procházková Taušl, Petra
Natura: Capitolo di libro
Lingua:ceco
Soggetti:
Tags: Aggiungi Tag
Nessun Tag, puoi essere il primo ad aggiungerne!!

MARC

LEADER 00000nla a2200000 4500
001 0241741
005 20240417075134.4
041 0 |a cze 
044 |a CZ 
245 1 0 |a Komunikace csr aktivit: csr reporting  |c Jiří Kutlák, Petra Procházková Taušl 
520 |a Aspekty, ktoré ovplyvňujú CSR reporting z bližšieho pohľadu. Definícia a výhody a nevýhody CSR reportingu. Analýza na základe publikácií z výskumnej činnosti a štúdií k danej problematike. Výsledky analýzy reflektujú nielen vývoj, súčasný stav, ale aj budúce trendy CSR reportingu. 
610 2 0 |a zodpovednosť podniku spoločenská 
610 2 0 |a reporting 
610 2 0 |a štandardy 
610 2 0 |a vývoj 
610 2 0 |a prognózy 
100 1 |a Kutlák, Jiří 
700 1 |a Procházková Taušl, Petra